LIBRARY & INFORMATION CENTRE, KCAET, TAVANUR

ONLINE PUBLIC ACCESS CATALOGUE (OPAC)

Pre-degree physics (Record no. 141)

MARC details
000 -LEADER
fixed length control field 00649cam a2200289ua 4500
041 ## - LANGUAGE CODE
Language code of text/sound track or separate title eng
082 ## - DEWEY DECIMAL CLASSIFICATION NUMBER
Classification number 530
Item number DAN/PR
100 ## - MAIN ENTRY--AUTHOR NAME
Personal name Daniel, C J .
245 ## - TITLE STATEMENT
Title Pre-degree physics
250 ## - EDITION STATEMENT
Edition statement 1 /
260 ## - PUBLICATION, DISTRIBUTION, ETC. (IMPRINT)
Place of publication Ernamkulam :
Name of publisher Co-operative publishers ,
Year of publication 1964.
300 ## - PHYSICAL DESCRIPTION
Number of Pages ; .
700 1# - ADDED ENTRY--PERSONAL NAME
Personal name Daniel, P A .
700 1# - ADDED ENTRY--PERSONAL NAME
Personal name John, U V .
700 1# - ADDED ENTRY--PERSONAL NAME
Personal name Paul, P I .
942 ## - ADDED ENTRY ELEMENTS (KOHA)
Koha item type Books
Holdings
Withdrawn status Lost status Damaged status Home library Current library Date acquired Full call number Accession Number Koha item type
      KAUAET KAUAET 07/04/2012 530 5529 Books
      KAUAET KAUAET 07/04/2012 530 5525 Books
      KAUAET KAUAET 07/04/2012 530 5520 Books
      KAUAET KAUAET 07/04/2012 530 5527 Books
Withdrawn     KAUAET KAUAET 29/01/2021 530 DAN/PR 5521 Books
      KAUAET KAUAET 29/01/2021 530 DAN/PR 5523 Books
Withdrawn     KAUAET KAUAET 29/01/2021 530 DAN/PR 5524 Books
Withdrawn     KAUAET KAUAET 02/02/2021 530 DAN/PR 7682 Books
Withdrawn   Damaged KAUAET KAUAET 02/02/2021 530 DAN/PR 7683 Books
Withdrawn     KAUAET KAUAET 02/02/2021 530 DAN/PR 7685 Books
Withdrawn     KAUAET KAUAET 02/02/2021 530 DAN/PR 7687 Books
      KAUAET KAUAET 27/01/2023 530 DAN/PR 5519 Books
Withdrawn     KAUAET Sanskrit University 07/04/2012 530 5526 Books
Withdrawn     KAUAET Sanskrit University 07/04/2012 530 5522 Books
Withdrawn     KAUAET Sanskrit University 07/04/2012 530 5528 Books
free website counter